Nociones de prehistoria de Puertollano y sus alrededores / (Record no. 74476)

MARC details
000 -LEADER
campo de control de longitud fija 00574nam a2200169 i 4500
001 - NÚMERO DE CONTROL
campo de control 74476
003 - IDENTIFICADOR DE NÚMERO DE CONTROL
campo de control ES-MaACL
005 - FECHA Y HORA DE LA ÚLTIMA TRANSACCIÓN
campo de control 20230906172139.0
007 - CAMPO FIJO DE DESCRIPCIÓN FÍSICA--INFORMACIÓN GENERAL
campo de control de longitud fija t|
008 - DATOS DE LONGITUD FIJA--INFORMACIÓN GENERAL
campo de control de longitud fija 040920s1979 sp ||||1| spa d
100 1# - ENTRADA PRINCIPAL--NOMBRE DE PERSONA
Nombre de persona González Ortiz, José.
9 (RLIN) 58850
245 10 - MENCIÓN DEL TÍTULO
Título Nociones de prehistoria de Puertollano y sus alrededores /
Mención de responsabilidad, etc. José González Ortiz.
260 ## - PUBLICACIÓN, DISTRIBUCIÓN, ETC.
Lugar de publicación, distribución, etc. Puertollano :
Nombre del editor, distribuidor, etc. Ayuntamiento de Puertollano,
Fecha de publicación, distribución, etc. 1979.
300 ## - DESCRIPCIÓN FÍSICA
Extensión 23 h., 4 lám. :
Otras características físicas il. ;
Dimensiones 28 cm.
651 #4 - PUNTO DE ACCESO ADICIONAL DE MATERIA--NOMBRE GEOGRÁFICO
Nombre geográfico Puertollano-
Subdivisión general Historia-
Subdivisión cronológica Época prehistórica.
9 (RLIN) 164642
852 ## - LOCALIZACIÓN
Ubicación ES-MaACL
Número de control de estantería 2106-F-25
Sublocalización o colección R.98920
Holdings
Estatus retirado Estado de pérdida Estado de daño No para préstamo Colección Biblioteca de origen Biblioteca actual Ubicación en estantería Fecha de adquisición Fuente de adquisición Total de préstamos Signatura topográfica completa Código de barras Visto por última vez Precio de reemplazo Tipo de ítem Koha
        Colección de folletos Biblioteca del Ateneo de Madrid Biblioteca del Ateneo de Madrid Depósito folletos 17/01/2008     2106-F-25 1077961 23/02/2023 23/02/2023 Folleto